Actuarial science

Αποθηκεύτηκε σε:
Λεπτομέρειες βιβλιογραφικής εγγραφής
Άλλοι συγγραφείς: MacNeill, Ian B., 1931-2019 (Επιμελητής έκδοσης), Umphrey, Gary J., 1953- (Επιμελητής έκδοσης)
Μορφή: Βιβλίο
Γλώσσα:English
Δημοσίευση: Dordrecht ; Boston : Norwell, MA, U.S.A. : D. Reidel ;, Sold and distributed in the U.S.A. and Canada by Kluwer Academic Publishers, c1987.
Σειρά:Advances in the statistical sciences ; 6
University of Western Ontario series in philosophy of science ; 39
Θέματα:
Ετικέτες: Προσθήκη ετικέτας
Δεν υπάρχουν, Καταχωρήστε ετικέτα πρώτοι!

MARC

LEADER 00000cam a2200000 i 4500
001 1/61642
008 071105s1987 ne | ||| |||| ||eng||
020 |a 9027723982 
035 |l 10092051 
040 |a GR-MyUa  |b gre  |e AACR2 
041 0 |a eng 
082 7 |a 368.01   |2 (22) 
245 0 0 |a Actuarial science /   |c edited by Ian B. MacNeill and Gary J. Umphrey, editors ; associate editors, Beda S.C. Chan, Serge B. Provost. 
260 |a Dordrecht ; Boston :   |a Norwell, MA, U.S.A. :   |b D. Reidel ;,   |b Sold and distributed in the U.S.A. and Canada by Kluwer Academic Publishers,   |c c1987. 
300 |a xvi, 250 σ. :   |b εικ. ;   |c 23 εκ. 
490 1 |a (Advances in the statistical sciences ;   |v 6) 
490 1 |a (The University of Western Ontario series in philosophy of science ;   |v 39) 
500 |a Festschrift in honor of professor V.M. Joshi's 70th birthday. 
504 |a Περιλαμβάνει βιβλιογραφία. 
650 0 |a Insurance  |x Mathematics  |x Congresses. 
650 0 |a Actuaries  |x Congresses. 
700 1 |a MacNeill, Ian B.,   |d 1931-2019,  |e edt 
700 1 |a Umphrey, Gary J.,   |d 1953-  |e edt 
700 1 |a Joshi, V. M.  |e hnr 
830 0 |a Advances in the statistical sciences ;  |v 6 
830 0 |a University of Western Ontario series in philosophy of science ;  |v 39 
852 |a INST  |b SAMOS  |e 20071105  |h 368.01 ACT  |p 005300027917  |q 005300027917  |t BK  |y 0 
901 |a BIBL3-2007-3 
922 |a 3ΕΛΗ  |b 200710  |c ΕΠΕΑΕΚ2/ΤΣΑΕ  |d ΠΑΠΑΣΩΤΗΡΙΟΥ 
970 |a ΣΙΤΖΙΜΗ  |b ΓΙΑΣΕΜΗ  |z 2007/11/05